| 000 | 00487nam a2200193Ia 4500 | ||
|---|---|---|---|
| 003 | GCL | ||
| 008 | 140319s9999 xx 000 0 eng d | ||
| 040 |
_aGCL / _cGCL |
||
| 082 | 0 | 4 |
_a891.7 _bB V |
| 100 | 1 | _aBEK, ALEXANDER | |
| 245 | 1 | 0 |
_aVOLOKALAMSK HIGH WAY / _cBEK, ALEXANDER |
| 260 |
_a[S.N] : _bPROGRESS PUBLISHERS ، _c1969 |
||
| 300 | _a372 P | ||
| 650 | 0 | 4 | _aLITERATURE |
| 650 | 0 | 4 | _aFICTION |
| 650 | 0 | 4 | _aRUSSIAN LITERATURE |
| 650 | 0 | 4 | _aRUSSIA - FICTION |
| 942 |
_2ddc _cBK |
||
| 999 |
_c15329 _d15329 |
||